01235nam a2200241Ia 4500001001100000003001000011008004100021040002500062041001300087100002000100245010400120250001100224260005400235300002700289500016100316501011400477520016100591650002300752942000700775957000600782999004300788952016200831L248-15042IT-CnALBA170116s9999||||xx |||||||||||||| ||und|| aIT-CnALBAcIT-CnALBA aITALIANO aCAILLOT ANTOINE 0aBELLEZZE DEL CRISTIANESIMO, OSSIA, RACCOLTA DI BELLE AZIONI INSPIRATE DA QUESTA RELIGIONE. VOL. I.  a1a ed. a VERONAbBERNARDI FRANCESCO c1828 [1° Ed.:1828] a210 p. (prefazione: 5) aAPOSTOLI. IGNAZIO. POLICARPO. APOLOGISTI. S. IRENEO. ROBERTO DI FRANCIA. CERTOSINI. CHIARAVALLE. S. LUIGI. FRANCESCO D'ASSISI. FRANCESCO DA PAOLA. S IVONE.  aSocietà San Paolo EM - Piazza San Paolo, 14 - 12051 ALBA (CN) (non commercial uses only) ® Copyright 2017 aAPOSTOLI. IGNAZIO. POLICARPO. APOLOGISTI. S. IRENEO. ROBERTO DI FRANCIA. CERTOSINI. CHIARAVALLE. S. LUIGI. FRANCESCO D'ASSISI. FRANCESCO DA PAOLA. S IVONE.  aASCETICA E MISTICA cBK 71 a19792bSI g Copie: 1 c274211d274211 0010406L_2481504271aALBAbALBAd2017-01-16l0oL248-15042r2017-01-16 00:00:00w2017-01-16yBKz(data import: 16 gennaio 2017) - By Epidotti, Vaglietti.